| 000 | 00966nam a22003017a 4500 | ||
|---|---|---|---|
| 001 | 4885 | ||
| 003 | FISKH | ||
| 005 | 20250327092409.0 | ||
| 008 | 241023b cb ||||| |||| 00| 0 eng d | ||
| 020 | _a9780439140386 | ||
| 040 |
_aFISKH _beng _cFISKH _dFISKH |
||
| 050 | _aPZ7.B7633 | ||
| 082 | _a460 | ||
| 100 |
_aBridwell, Norman _d(1928–2014) |
||
| 245 |
_aClifford to the rescue / _cNorman Bridwell |
||
| 250 | _aFirst printing in 2000 | ||
| 260 |
_aNew York : _bScholastic, _c2000. |
||
| 300 |
_a28 pages : _bColor illustrations ; _c21 cm |
||
| 505 | _aJ | ||
| 520 | _aClifford uses his size to help out in many ways--saving a kitten, rescuing people from a fire, masquerading as a elephant, and supporting up a bridge so a parade can pass. | ||
| 521 | 8 |
_a440L
_bLexile |
|
| 521 | 8 |
_aJ
_bRaz-Plus |
|
| 650 |
_2Fiction _aHelping |
||
| 650 |
_2Pets _aSafety |
||
| 700 |
_aBridwell, Norman _dIllustrator |
||
| 942 |
_2ddc _cBK _n0 |
||
| 999 |
_c4885 _d4885 |
||